000 00892nam a2200253 i 4500
001 182117
003 ES-MaACL
005 20250722131827.0
008 130618s1983 sp |||| ||spa d
020 _a84-7386-318-6
080 _a869.0-32 "19"
100 1 _aPessoa, Fernando,
_d1888-1935
_991451
245 1 3 _aEl banquero anarquista /
_cFernando Pessoa ; [traducción del portugués, Domingo Santos ]; estudio preliminar de Basilio Losada.
250 _a[1ª ed.].
260 _aMadrid :
_bUltramar,
_c1983.
300 _a74 p. ;
_c22 cm.
490 1 _aSerie azul ;
_v8
504 _aBibliografía : p. 73-74.
700 0 _aSantos, Domingo.
_9103468
700 1 _aLosada, Basilio,
_d1930-
_974251
830 0 _aSerie azul ;
_v8
_9191736
852 _aES-MaACL
_j2177-F-16
_z.- Donat. herederos de la bibl. de Mª del Pilar Costa Palacín
999 _c182117
_d182117